LEADER 01805nam a2200349 i 4500 001 000000168887 003 CaOOAMICUS 005 20080130000000.0 008 080130s2007 be u000 u mul u 013 $a146289 020 $a978-90-5867-634-4 020 $a978-90-429-1969-3 040 $aSeMil$bita 245 10$aAncient and modern scriptural historiography =$bL'historiographie biblique, ancienne et moderne /$cEdited by George J. Brooke, Thomas Römer. 246 01$aL'historiographie biblique, ancienne et moderne 260 $aLeuven ; Paris ; Dudley (MA) :$bUitgeverij Peeters,$c2007. 260 $aLeuven :$bUniversity Press,$c2007. 300 $aXXXVII, 371,4 p. ;$c25 cm. 490 0 $aBibliotheca Ephemeridum Theologicarum Lovaniensium ;$v207. 650 4$aBibbia - Storiografia.$0(OLS)http://semarc/subject/7539 700 1 $aRömer, Thomas,$d<1955- >.$0(OLS)http://semarc/name/21058 700 1 $aBrooke, George J.$0(OLS)http://semarc/name/11267 830 0$aBibliotheca Ephemeridum Theologicarum Lovaniensium ;$v207.$0(OLS)http://semarc/title/108 850 $aSeMil 852 $aSeMil$W1$xVenegono$y1$m2IA A 207$j119887$B119887$CSeMilBibl$Z2$F131002 $81 961 $aSottoscrizione: Glossa 996 $6020$a978-90-5867-634-4$9(OLS)http://semarc/number/155730 996 $6020$a978-90-429-1969-3$9(OLS)http://semarc/number/155731 996 $6245$aAncient and modern scriptural historiography =$bL'historiographie biblique, ancienne et moderne$9(OLS)http://semarc/title/241570 996 $6246$aL'historiographie biblique, ancienne et moderne$9(OLS)http://semarc/title/241571 996 $6260$aLeuven :$bUniversity Press$9(OLS)http://semarc/publisher/30124 996 $6260$aLeuven ; Paris ; Dudley (MA) :$bUitgeverij Peeters$9(OLS)http://semarc/publisher/34531 LEADER 00796nam a2200181 i 4500 001 000000193338 003 CaOOAMICUS 005 20161213000000.0 008 161213s1979 it u000 u ita u 013 $a171978 040 $aSeMil$bita 245 10$aCatalogo della mostra :$b1, Studi sulle testimonianze romane a BresciaStudi sulle testimonianze romane a Brescia. 300 $a255 p. :$bill:. 773 0 $tBrescia romana.$dBrescia : Grafo, 1979.$g1$w()33538 850 $aSeMil 852 $aSeMil$W1$xVenegono$y1$m4Y IV 196/1$j143912$B143912$CSeMilBibl$Z2$F217119 $81 961 $aOmaggio: Grampa dott. Cesare 996 $6245$aCatalogo della mostra :$b1, Studi sulle testimonianze romane a BresciaStudi sulle testimonianze romane a Brescia$9(OLS)http://semarc/title/278731